000 00691nam a2200229 i 4500
001 C2-0288135
003 PPAK
005 20180728021310.0
008 080416s2006 xxu |||| ||||| | eng d
020 _a9781422103227
040 _aPPAK
_beng
_cPPAK
_erda
082 0 4 _a651.74
_223
090 0 0 _a651.74
_bWRI
_dLCK
245 0 0 _aWritten communications :
_bthat inform and influence
264 1 _aUnited States :
_bHarvard Business School Publishing Corporation ,
_c2006
300 _avii, 175 pages ;
_c21 cm
336 _2rdacontent
_atext
337 _2rdamedia
_aunmediated
338 _2rdacarrier
_avolume
650 1 0 _aBussiness writing - Handbooks, manual, etc.
942 _ddc
_cB
999 _c93770
_d93770